000
00304nam a2200109 4500
082
_a
920
_b
S15S
100
_a
सिंह, शरद
245
_a
श्यामा प्रसाद मुख़र्जी
260
_b
सामयिक बुक्स
_c
2015
300
_a
175
942
_2
ddc
_c
BK
999
_c
31993
_d
31993